| 000 | 01698nam a2200469 i 4500 | ||
|---|---|---|---|
| 001 | 14610 | ||
| 003 | KOSZ 005 | ||
| 005 | 20191026121142.0 | ||
| 008 | 191026s1972 pl a f 001 0 pol | ||
| 015 | _aPB 1972/7006 | ||
| 035 | _a991034579959705066 | ||
| 035 | _a(PL-WaBN)b19309442-48omnis_nlop | ||
| 035 | _ab19309442 | ||
| 035 | _a(OCoLC)69638228 | ||
| 035 | _a(PL)b0000001930944 | ||
| 035 | _a(EXLNZ-48OMNIS_NETWORK)9910013334505606 | ||
| 040 |
_aWA N _cWA N _dKOSZ 005/RW |
||
| 046 | _k1972 | ||
| 080 | _a531.3 | ||
| 080 | _a513 | ||
| 100 | 1 |
_aSkowroński, Janisław Marian _d(?-1992) _eAutor |
|
| 245 | 1 | 0 |
_aElementy dynamiki geometrycznej / _cJanisław M. Skowroński. |
| 260 |
_aWarszawa : _bWydawnictwa Naukowo-Techniczne, _c1972. |
||
| 300 |
_a367, [1] stron : _bilustracje ; _c25 cm. |
||
| 336 |
_aTekst _btxt _2rdacontent |
||
| 337 |
_aBez urządzenia posredniczącego _bn _2rdamedia |
||
| 338 |
_aWolumin _bnc _2rdacarrier |
||
| 380 | _aKsiążki | ||
| 380 | _aPublikacje naukowe | ||
| 388 | _a1901-2000 | ||
| 504 | _aBibliografia przy rozdziałach. Indeks. | ||
| 521 | _aKsiążka jest przeznaczona dla inżynierów pracujących naukowo w dziedzinie teorii obwodów elektrycznych, teorii sterowania, teorii układów optymalnych, teorii drgań nieliniowych. | ||
| 650 | 7 | _aDynamika | |
| 650 | 7 | _aModele matematyczne | |
| 650 | 7 | _aFizyka matematyczna | |
| 658 | _aFizyka i astronomia | ||
| 658 | _aMatematyka | ||
| 710 | 2 |
_aWydawnictwa Naukowo-Techniczne _4pbl |
|
| 856 |
_uhttp://koha.tu.koszalin.pl/cgi-bin/koha/opac-detail.pl?biblionumber=14610 _yKatalog online BPK |
||
| 942 |
_2UKD _cKS |
||
| 999 |
_c14610 _d14610 |
||